Library Banner

Hamdard Islamicus April-June 2013 V-36, N-2/ (Record no. 95613)

MARC details
000 -LEADER
fixed length control field 00399nam a22001457a 4500
005 - DATE AND TIME OF LATEST TRANSACTION
control field 20170724124554.0
008 - FIXED-LENGTH DATA ELEMENTS--GENERAL INFORMATION
fixed length control field 170724b xxu||||| |||| 00| 0 eng d
022 ## - INTERNATIONAL STANDARD SERIAL NUMBER
International Standard Serial Number 02507196
040 ## - CATALOGING SOURCE
Transcribing agency PK-LaUMT
082 ## - DEWEY DECIMAL CLASSIFICATION NUMBER
Classification number ZIAC 297.05
Item number HAM-
245 ## - TITLE STATEMENT
Title Hamdard Islamicus April-June 2013 V-36, N-2/
Statement of responsibility, etc Sadia Rashi(C-Editor)
260 ## - PUBLICATION, DISTRIBUTION, ETC. (IMPRINT)
Place of publication, distribution, etc Karachi:
Name of publisher, distributor, etc Hamdard foundation,
Date of publication, distribution, etc 2013
300 ## - PHYSICAL DESCRIPTION
Extent 121 p.
942 ## - ADDED ENTRY ELEMENTS (KOHA)
Koha item type Books
Holdings
Withdrawn status Lost status Damaged status Home library Current library Date acquired Full call number Barcode Date last seen Price effective from Koha item type
      UMT Main Campus UMT Main Campus 2017-07-24 ZIAC 297.05 HAM- 111212 2017-07-24 2017-07-24 Books